LEADER 01861nas 2200433 n 450 001 990008961230403321 005 20240229084444.0 011 $a0014-5270 035 $a000896123 035 $aFED01000896123 035 $a(Aleph)000896123FED01 035 $a000896123 091 $2CNR$aP 00030358 100 $a20161109a19539999km-y0itaa50------ba 101 0 $afre 110 $aauu-------- 200 1 $a<>Express 207 1$a1953- 210 $aParis$cL'Express 326 $aSettimanale 530 0 $a<>Express 675 $a90 675 $a082(44) 676 $a054.1 676 $a050.944 676 $a074 801 0$aIT$bACNP$c20090723 859 4 $uhttp://acnp.cib.unibo.it/cgi-ser/start/it/cnr/dc-p1.tcl?catno=20347&person=false&language=ITALIANO&libr=&libr_th=unina1$zBiblioteche che possiedono il periodico 901 $aSE 912 $a990008961230403321 958 $aBiblioteca del Dipartimento Analisi dei Processi ELPT. Sezione Linguistica dell'Università Federico II$b1969-$c1969-1973;1975;1977;1979;1982-1984;$fDECLI 958 $aBRAU. Biblioteca di Ricerca di Area Umanistica$b1980-1997;$cLAC.$eSP - Per. fr. estinto 45 sc$fFLFBC 959 $aDECLI 959 $aFLFBC 996 $aExpress$9442407 997 $aUNINA AP1 8 $6866-01$aNA034 Biblioteca del Dipartimento Analisi dei Processi ELPT. Sezione Linguistica dell'Università Federico II$ev. Cintia-Complesso Universitario Monte, Napoli (NA)$m(081) 675268$m(081) 675270$nit AP1 8 $6866-02$aNA072 BRAU. Biblioteca di Ricerca di Area Umanistica$bSP - Per. fr. estinto 45 sc$ePiazza Bellini 56/60, 80133 Napoli (NA)$m(081) 2533948$nit AP2 40$aacnp.cib.unibo.it$nACNP Italian Union Catalogue of Serials$uhttp://acnp.cib.unibo.it/cgi-ser/start/it/cnr/df-p.tcl?catno=20347&language=ITALIANO&libr=&person=&B=1&libr_th=unina&proposto=NO